000 00930nam a22002777a 4500
001 000505
003 DO-SdBPM
005 20250509130710.0
007 000505
008 160916b1970 sp || 00| 0 spa d
040 _aDO-SdBPM
_bspa
_cBPMSU
082 4 _a820.4
_bM719p 1970
_222
100 1 _aMolho, Blanca.
245 1 0 _aPoetas ingleses metafísicos del siglo XVII /
_c selección, versión y prólogo de Blanca y Maurice Molho ; preparación de textos originales María Gomis.
260 _aBarcelona :
_bEditorial Barral,
_c1970.
300 _a181 p., 3 h. ;
_c19 cm.
490 0 _aEdiciones de bolsillo;
_aPoesía. Libros de enlace
_v23
590 _aInventariado, 2025/VM
650 4 _aLiteratura inglesa
_y1500-1700.
650 4 _aPoetas ingleses.
700 1 _aMolho, Mauricio
700 1 _aGomis Bertrand, María
700 1 _aMolho, Blanca
910 _aVMateo V. Control de calidad. BPMSU
942 _2ddc
_cBK
999 _c11416
_d11416